000 00212nam a2200109Ia 4500
942 _cBK
245 _aEnvironmental studies (2012-2013)
260 _b#N/A
_c2012
300 _a74
546 _aENGLISH
999 _c22719
_d22719